| 000 | 00902nam a22002411 4500 | ||
|---|---|---|---|
| 001 | gs 06000368 | ||
| 003 | DLC | ||
| 005 | 20260227111303.0 | ||
| 008 | 900502s1861 miu s00010 eng c | ||
| 010 | _ags 06000368 //r90 | ||
| 040 |
_aU.S. Geol. Survey Libr./ICU _cICU |
||
| 043 | _an-us-mi | ||
| 050 | 0 | 0 |
_aQE125 _b.A11 |
| 110 | 1 | 0 |
_aMichigan. _bGeological Survey. |
| 245 | 1 | 0 |
_aFirst biennial report of the progress of the Geological survey of Michigan, _bembracing observations on the geology, zoölogy and botany of the lower peninsula. _cMade to the governor, December 31, 1860 ... |
| 260 | 0 |
_aLansing, _bHosmer & Kerr, printers to the state, _c1861. |
|
| 300 |
_a339 p. _c22 cm. |
||
| 500 | _aAlexander Winchell, state geologist; M. Miles, state zoölogist. | ||
| 500 | _aNo more published. | ||
| 650 | 0 |
_aGeology _zMichigan. |
|
| 650 | 0 |
_aZoology _zMichigan. |
|
| 650 | 0 |
_aBotany _zMichigan. |
|
| 999 |
_c24417 _d24417 |
||